00996 a2200229 4500003000500000005001700005010001600022020002800038040000900066082001600075100003300091245011300124250001300237260003300250300003400283505021400317650004300531700003600574942001200610999001900622952012500641Nust20221208120216.0 a 97008134 a0240802586 (alk. paper) cNust00a621.382,MIR1 aMirabito, Michael M.910444314aThe new communications technologies /cMichael M.A. Mirabito ; with contributions by Barbara L. Morgenstern. a3rd. ed. aBoston :bfocal pressc2004. axii, 256 p. :bill. ;c26 cm. aFoundation (Page-1), Information Transmission (Page-59), Information Storage (Page-119), Production Technologies (Page-135), Information, Entertainment and Communication Services (Page-207), The Law (Page-253) 0aTelecommunications engineering.9584851 aMorgenstern, Barbara L.9104444 2ddccBK c182557d182557 00102ddc4070aMCSbMCScGENd2016-12-12o621.382,MORpMCS27224r2016-12-08w2016-12-12yBKzAlmirah No.35, Shelf No.4